[Event "Backi Petrovac 11"]
[Site "Backi Petrovac"]
[Date "2023.11.12"]
[Round "5.1"]
[White "Mushini, Ajay"]
[Black "Vikram, K1."]
[Result "1-0"]
[WhiteElo "2301"]
[BlackElo "1820"]
[PlyCount "29"]
[EventDate "2023.11.10"]
[EventType "swiss"]
[EventRounds "9"]
[EventCountry "SRB"]
[SourceTitle "CB47_2023"]
[SourceDate "2023.11.22"]
[SourceVersion "1"]
[SourceVersionDate "2023.11.22"]
[SourceQuality "1"]
[WhiteTeam "Team D"]
[BlackTeam "Team B"]
[WhiteTeamCountry "SRB"]
[BlackTeamCountry "SRB"]

1. e4 c5 2. Nf3 d6 3. d4 cxd4 4. Nxd4 Nf6 5. Nc3 a6 6. Bc4 Nc6 7. Nxc6 bxc6 8. e5 Ng8 9. Qf3 d5 10. Nxd5 Qa5+ 11. Bd2 Qd8 12. Nc7+ Qxc7 13. Qxf7+ Kd7 14. Be6+ Kd8 15. Qxf8# 1-0

[Event "Backi Petrovac 11"]
[Site "Backi Petrovac"]
[Date "2023.11.10"]
[Round "2.1"]
[White "Kecskemeti, Arpad"]
[Black "Mushini, Ajay"]
[Result "0-1"]
[WhiteElo "2193"]
[BlackElo "2301"]
[PlyCount "68"]
[EventDate "2023.11.10"]
[EventType "swiss"]
[EventRounds "9"]
[EventCountry "SRB"]
[SourceTitle "CB47_2023"]
[SourceDate "2023.11.22"]
[SourceVersion "1"]
[SourceVersionDate "2023.11.22"]
[SourceQuality "1"]
[WhiteTeam "Team B"]
[BlackTeam "Team D"]
[WhiteTeamCountry "SRB"]
[BlackTeamCountry "SRB"]

1. e4 c5 2. Nf3 d6 3. d4 cxd4 4. Nxd4 Nf6 5. Nc3 a6 6. Be3 e5 7. Nb3 Be7 8. f3 0-0 9. Qd2 Be6 10. 0-0-0 a5 11. Kb1 a4 12. Nc1 a3 13. b3 Nc6 14. g4 Nb4 15. g5 Nd7 16. Nb5 d5 17. exd5 Nxd5 18. h4 Rc8 19. Bh3 Bb4 20. Qe2 Qa5 21. Rxd5 Bxd5 22. Bxd7 Bc6 23. Bxc6 bxc6 24. c3 cxb5 25. cxb4 Qxb4 26. Rd1 Rfd8 27. Rxd8+ Rxd8 28. h5 Qc3 29. g6 Rd1 30. gxf7+ Kxf7 31. f4 Re1 32. Qd2 Qb2+ 33. Qxb2 axb2 34. Kxb2 Rxe3 0-1

[Event "SRB-chT 2nd League"]
[Site "Novi Sad"]
[Date "2023.11.08"]
[Round "10.2"]
[White "Mushini, Ajay"]
[Black "Indjic, Dusan"]
[Result "1-0"]
[WhiteElo "2301"]
[BlackElo "2304"]
[PlyCount "141"]
[EventDate "2023.11.02"]
[EventType "team-tourn"]
[EventRounds "11"]
[EventCountry "SRB"]
[SourceTitle "CB46_2023"]
[SourceDate "2023.11.15"]
[SourceVersion "1"]
[SourceVersionDate "2023.11.15"]
[SourceQuality "1"]
[WhiteTeam "Sombor"]
[BlackTeam "Stara Pazova"]
[WhiteTeamCountry "SRB"]
[BlackTeamCountry "SRB"]

1. e4 c5 2. Nf3 Nc6 3. d4 cxd4 4. Nxd4 Nf6 5. Nc3 d6 6. Bc4 Qb6 7. Nb3 e6 8. Be3 Qc7 9. Be2 Be7 10. Qd2 0-0 11. 0-0-0 a6 12. Bg5 Rd8 13. Kb1 b5 14. a3 Bb7 15. h4 Ne5 16. Qe3 Nc4 17. Bxc4 bxc4 18. Nd4 Rab8 19. Ka1 Ba8 20. f3 Qb6 21. Qc1 Qa5 22. Qd2 Qb6 23. Rb1 Rd7 24. Be3 Qd8 25. g4 Bf8 26. Bg5 Be7 27. Rhd1 d5 28. e5 Ne8 29. Bxe7 Qxe7 30. h5 Ra7 31. g5 Nc7 32. Nce2 Nb5 33. c3 g6 34. Rh1 Rc8 35. f4 Bc6 36. Nxc6 Rxc6 37. hxg6 fxg6 38. Rh2 Qf8 39. Rbh1 Rg7 40. Rh6 Rb6 41. a4 Na7 42. Nd4 Qe8 43. f5 Qxa4+ 44. Kb1 Rgb7 45. fxg6 Nb5 46. gxh7+ Kh8 47. Rg6 Rxh7 48. Rxh7+ Kxh7 49. Rh6+ Kg8 50. g6 Nxc3+ 51. Qxc3 Qd1+ 52. Ka2 Kg7 53. Rh7+ Kxg6 54. Rh3 Qa4+ 55. Qa3 Qxa3+ 56. Kxa3 Kf7 57. Rh7+ Kg6 58. Re7 Kg5 59. Rf7 Kg4 60. Rf6 a5 61. Ka2 Rb8 62. Nxe6 Re8 63. Kb1 d4 64. Nxd4 Rxe5 65. Rc6 Rd5 66. Rxc4 Kf4 67. Nb3+ Ke3 68. Rc5 Rd1+ 69. Kc2 Rh1 70. Rc3+ Ke4 71. Nxa5 1-0

[Event "SRB-chT 2nd League"]
[Site "Novi Sad"]
[Date "2023.11.03"]
[Round "2.2"]
[White "Mushini, Ajay"]
[Black "Varga, Zoltan"]
[Result "1-0"]
[WhiteElo "2301"]
[BlackElo "2371"]
[PlyCount "49"]
[EventDate "2023.11.02"]
[EventType "team-tourn"]
[EventRounds "11"]
[EventCountry "SRB"]
[SourceTitle "CB46_2023"]
[SourceDate "2023.11.15"]
[SourceVersion "1"]
[SourceVersionDate "2023.11.15"]
[SourceQuality "1"]
[WhiteTeam "Sombor"]
[BlackTeam "Krajisnik Krajina"]
[WhiteTeamCountry "SRB"]
[BlackTeamCountry "SRB"]

1. e4 Nf6 2. e5 Nd5 3. Bc4 Nb6 4. Bb3 c5 5. Qe2 Nc6 6. Nf3 d5 7. exd6 e6 8. Nc3 Bxd6 9. d3 0-0 10. 0-0 e5 11. Bg5 Be7 12. Bxe7 Qxe7 13. Rae1 Bg4 14. h3 Bxf3 15. Qxf3 Kh8 16. Qg3 Rad8 17. f4 f6 18. Qf2 a5 19. a3 Rd4 20. Ne4 Re8 21. fxe5 Nxe5 22. Nxc5 Qxc5 23. c3 Red8 24. cxd4 Rxd4 25. Rxe5 1-0

[Event "Titled Tuesday intern op 05th Sep Early"]
[Site "Chess.com INT"]
[Date "2023.09.05"]
[Round "6"]
[White "Mao, Fengxi"]
[Black "Mushini, Ajay"]
[Result "1/2-1/2"]
[WhiteElo "2118"]
[BlackElo "2301"]
[PlyCount "96"]
[EventDate "2023.09.05"]
[EventType "swiss (blitz)"]
[EventRounds "11"]
[EventCountry "USA"]
[SourceTitle "EXT 2024"]
[Source "ChessBase"]
[SourceDate "2023.10.10"]
[SourceVersion "1"]
[SourceVersionDate "2023.10.10"]
[SourceQuality "1"]

1. Nf3 d5 2. b3 Nd7 3. Bb2 Ngf6 4. g3 g6 5. c4 dxc4 6. bxc4 Bg7 7. Bg2 0-0 8. 0-0 c5 9. a4 Nb8 10. a5 a6 11. d3 Nc6 12. Qa4 Bg4 13. Nbd2 Nh5 14. Bxg7 Nxg7 15. Rfb1 Nb4 16. h3 Bd7 17. Qb3 Bc6 18. Ne1 Nf5 19. Nc2 Nxc2 20. Qxc2 Nd4 21. Qd1 Bxg2 22. Kxg2 Rb8 23. Rb6 Nc6 24. Qa4 Nb4 25. Ne4 Nc6 26. Nxc5 Qd4 27. Nxb7 Ne5 28. Rab1 Rbc8 29. Rxa6 Nxc4 30. Kg1 Qd5 31. dxc4 Rxc4 32. Qd1 Qf5 33. Qd3 Qc8 34. Rab6 Rc3 35. Qd1 Qxh3 36. a6 Rxg3+ 37. fxg3 Qxg3+ 38. Kf1 Qh3+ 39. Ke1 Qg3+ 40. Kd2 Rc8 41. Qb3 Qf4+ 42. Kd1 Qf1+ 43. Kd2 Qf4+ 44. Ke1 Qh4+ 45. Kf1 Qh1+ 46. Kf2 Qh2+ 47. Ke3 Qg3+ 48. Kd2 Qf4+ 1/2-1/2

[Event "Titled Tuesday intern op 05th Sep Early"]
[Site "Chess.com INT"]
[Date "2023.09.05"]
[Round "11"]
[White "Mushini, Ajay"]
[Black "Bournel, Antoine"]
[Result "1-0"]
[WhiteElo "2301"]
[BlackElo "2334"]
[PlyCount "93"]
[EventDate "2023.09.05"]
[EventType "swiss (blitz)"]
[EventRounds "11"]
[EventCountry "USA"]
[SourceTitle "EXT 2024"]
[Source "ChessBase"]
[SourceDate "2023.10.10"]
[SourceVersion "1"]
[SourceVersionDate "2023.10.10"]
[SourceQuality "1"]

1. e4 c5 2. Nf3 d6 3. d4 cxd4 4. Nxd4 Nf6 5. Nc3 Bd7 6. Bc4 e5 7. Nf3 Be7 8. Bg5 0-0 9. Bxf6 Bxf6 10. Qxd6 Nc6 11. Nd5 Bg4 12. Nxf6+ gxf6 13. Qxd8 Rfxd8 14. c3 f5 15. Ng5 Kg7 16. f3 Bh5 17. exf5 h6 18. Ne4 f6 19. Nc5 Bf7 20. Bxf7 Kxf7 21. Nxb7 Rd5 22. Rd1 Rxd1+ 23. Kxd1 Ne7 24. g4 Nd5 25. Kc2 Ke7 26. b4 h5 27. h3 Rh8 28. Kd3 Nf4+ 29. Kc4 Kd7 30. Nc5+ Kc6 31. Ne4 Rh6 32. Rd1 Kc7 33. Rd6 Nxh3 34. Rxf6 Rh8 35. g5 Ng1 36. g6 Nxf3 37. Rf7+ Kc6 38. b5+ Kb6 39. Nc5 Rc8 40. Rb7+ Ka5 41. Rxa7+ Kb6 42. Ra6+ Kc7 43. Rc6+ Kd8 44. Rxc8+ Kxc8 45. g7 Kc7 46. g8Q h4 47. Qf7+ 1-0

[Event "Titled Tuesday intern op 15th Aug Early"]
[Site "Chess.com INT"]
[Date "2023.08.15"]
[Round "1"]
[White "Trost, Edvin"]
[Black "Mushini, Ajay"]
[Result "1-0"]
[WhiteElo "2442"]
[BlackElo "2309"]
[PlyCount "119"]
[EventDate "2023.08.15"]
[EventType "swiss (blitz)"]
[EventRounds "11"]
[EventCountry "USA"]
[SourceTitle "EXT 2024"]
[Source "ChessBase"]
[SourceDate "2023.10.10"]
[SourceVersion "1"]
[SourceVersionDate "2023.10.10"]
[SourceQuality "1"]

1. e4 c5 2. Nc3 e6 3. f4 a6 4. Nf3 b5 5. g3 Bb7 6. d3 b4 7. Ne2 d5 8. e5 d4 9. Bg2 h5 10. 0-0 Nh6 11. h3 Nd7 12. Rf2 Nb6 13. Qf1 Nf5 14. Ng5 Bxg2 15. Qxg2 Nd5 16. Qf3 Be7 17. Ne4 Nfe3 18. Bxe3 Nxe3 19. Rc1 Qd5 20. c4 bxc3 21. bxc3 0-0 22. c4 Qd7 23. Qxh5 Rab8 24. Ng5 Bxg5 25. fxg5 Rb2 26. g6 fxg6 27. Qxg6 Rxf2 28. Kxf2 Qc6 29. Rg1 Rxa2 30. g4 Qd7 31. Rb1 Qf7+ 32. Qxf7+ Kxf7 33. Rb7+ Kg6 34. Kf3 Nf1 35. Nf4+ Kh7 36. Nxe6 Nh2+ 37. Ke4 Re2+ 38. Kd5 Nf3 39. Rxg7+ Kh8 40. Rf7 Rxe5+ 41. Kd6 Re3 42. Nxc5 Ng5 43. Rf5 Nxh3 44. Kd5 Rg3 45. Ne6 Rxg4 46. Rh5+ Kg8 47. Rxh3 Kf7 48. Nxd4 a5 49. c5 Ke7 50. Rh4 Rxh4 51. Nf5+ Kd7 52. Nxh4 a4 53. Kc4 a3 54. Kb3 Kc7 55. Kxa3 Kc6 56. Kb4 Kd5 57. d4 Kxd4 58. c6 Kd5 59. c7 Kd6 60. c8Q 1-0

[Event "Titled Tuesday intern op 01st Aug Late"]
[Site "Chess.com INT"]
[Date "2023.08.01"]
[Round "10"]
[White "Morris Suzuki, Alan H"]
[Black "Mushini, Ajay"]
[Result "0-1"]
[WhiteElo "1652"]
[BlackElo "2309"]
[PlyCount "72"]
[EventDate "2023.08.01"]
[EventType "swiss (blitz)"]
[EventRounds "11"]
[EventCountry "USA"]
[SourceTitle "EXT 2024"]
[Source "ChessBase"]
[SourceDate "2023.10.10"]
[SourceVersion "1"]
[SourceVersionDate "2023.10.10"]
[SourceQuality "1"]

1. Nf3 c5 2. e4 d6 3. d4 cxd4 4. Nxd4 a6 5. Nc3 e5 6. Nf5 Bxf5 7. exf5 Nf6 8. Bg5 Nbd7 9. Qf3 Qc7 10. 0-0-0 Rc8 11. g4 b5 12. a3 d5 13. Bd3 e4 14. Qe2 Be7 15. Nxd5 Nxd5 16. Qxe4 N7f6 17. Bxf6 Nxf6 18. Qf3 Qc6 19. Qh3 h5 20. g5 Ng4 21. Rhe1 Kf8 22. Qh4 Qf3 23. Rd2 Qf4 24. f6 gxf6 25. g6 fxg6 26. Bxg6 Rd8 27. Red1 f5 28. Qh3 Rxd2 29. Rxd2 Bg5 30. Qb3 Qxd2+ 31. Kb1 Qd7 32. Qc3 Bf6 33. Qc5+ Qe7 34. Qxf5 Qe5 35. Qc8+ Kg7 36. Qd7+ Kxg6 0-1

[Event "Titled Tuesday intern op 01st Aug Late"]
[Site "Chess.com INT"]
[Date "2023.08.01"]
[Round "2"]
[White "Mushini, Ajay"]
[Black "Ozates, Tuna"]
[Result "0-1"]
[WhiteElo "2309"]
[BlackElo "2281"]
[PlyCount "108"]
[EventDate "2023.08.01"]
[EventType "swiss (blitz)"]
[EventRounds "11"]
[EventCountry "USA"]
[SourceTitle "EXT 2024"]
[Source "ChessBase"]
[SourceDate "2023.10.10"]
[SourceVersion "1"]
[SourceVersionDate "2023.10.10"]
[SourceQuality "1"]

1. e4 c5 2. Nc3 a6 3. a4 e6 4. g3 Nc6 5. Bg2 g6 6. Nf3 Bg7 7. 0-0 Nge7 8. d3 0-0 9. Bg5 d6 10. Qd2 Bd7 11. Bh6 Rb8 12. Bxg7 Kxg7 13. d4 c4 14. d5 Ne5 15. Nxe5 dxe5 16. f4 Qb6+ 17. Kh1 exd5 18. exd5 exf4 19. Rxf4 Nf5 20. Raf1 Rbe8 21. Ne4 h5 22. Qc3+ Qd4 23. Qxd4+ Nxd4 24. Nf6 Nxc2 25. Nxd7 Ne3 26. Nxf8 Nxf1 27. Bxf1 b5 28. Nd7 Re1 29. Kg2 Rd1 30. axb5 axb5 31. Ne5 f5 32. Rf2 Rxd5 33. Re2 Kf6 34. Nf3 g5 35. h4 g4 36. Ng5 Rd6 37. Kf2 f4 38. gxf4 Kf5 39. Re5+ Kxf4 40. Rxb5 Rd2+ 41. Ke1 Rc2 42. Rb4 Kg3 43. Rxc4 Rxb2 44. Rc2 Rxc2 45. Ne4+ Kxh4 46. Be2 g3 47. Nxg3 Kxg3 48. Bxh5 Rh2 49. Be2 Kf4 50. Kd2 Ke4 51. Ke1 Ke3 52. Bf1 Rh1 53. Kd1 Rxf1+ 54. Kc2 Re1 0-1

[Event "Vojvodina op 13th"]
[Site "Novi Sad"]
[Date "2023.07.02"]
[Round "6"]
[White "Pranesh, M."]
[Black "Mushini, Ajay"]
[Result "1-0"]
[WhiteElo "2507"]
[BlackElo "2306"]
[PlyCount "72"]
[EventDate "2023.06.29"]
[EventType "swiss"]
[EventRounds "9"]
[EventCountry "SRB"]
[SourceTitle "CBM 215 Extra"]
[Source "ChessBase"]
[SourceDate "2023.09.30"]
[SourceVersion "1"]
[SourceVersionDate "2023.09.30"]
[SourceQuality "1"]

1. e4 c5 2. Nf3 d6 3. d4 cxd4 4. Nxd4 Nf6 5. Nc3 a6 6. Bg5 Nbd7 7. Bc4 Qb6 8. Bb3 e6 9. f3 Be7 10. Qd2 Nc5 11. 0-0-0 0-0 12. g4 Qc7 13. Be3 b5 14. a3 Rb8 15. Ba2 Nfd7 16. g5 Ne5 17. Qe2 b4 18. axb4 Rxb4 19. f4 Nc6 20. Rhg1 Na4 21. Nxa4 Rxa4 22. Kb1 Nxd4 23. Rxd4 Rxd4 24. Bxd4 e5 25. Be3 exf4 26. Bxf4 a5 27. g6 Qc5 28. gxf7+ Kh8 29. Rd1 a4 30. Qc4 Qf2 31. Bg3 Qf3 32. Qd3 Bg4 33. Qxf3 Bxf3 34. Rxd6 Bxe4 35. Re6 Rd8 36. Bc4 Bf8 1-0